The 10 best male footballers in the world 2024 Sudden Death - Statistics

General Stats
  • This quiz has been taken 95 times
  • The average score is 6 of 10
Answers on the Grid
Answers color-coded by a green-red scale on the quiz's grid according to % correct below.
Robert Lewandowski Barcelona
Jude Bellingham Real Madrid
Emiliano Martínez Aston Villa
Harry Kane Bayern Munchen
Dani Carvajal Real Madrid
Florian Wirtz Bayer Leverkusen
Raphinha Barcelona
Lamine Yamal Barcelona
Vinícius Júnior Real Madrid
Lautaro Martínez Inter
Ademola Lookman Atalanta
Kylian Mbappé Real Madrid
Antonio Rüdiger Real Madrid
Rodri Manchester City
Erling Haaland Manchester City
 
Answer Stats
Answer % Correct
Jude Bellingham Real Madrid
80%
Rodri Manchester City
78%
Erling Haaland Manchester City
77%
Kylian Mbappé Real Madrid
74%
Vinícius Júnior Real Madrid
71%
Harry Kane Bayern Munchen
70%
Lamine Yamal Barcelona
59%
Dani Carvajal Real Madrid
41%
Florian Wirtz Bayer Leverkusen
41%
Lautaro Martínez Inter
38%
No matching quizzes found
Score Distribution
Percent of People with Each Score
Percentile by Number Answered
Your Score History
You have not taken this quiz